000 00787nam0a22002771 4500
001 RU\NLR\INFOCOMM_190\5000049515
005 20250613093751.0
035 _a(NLR Aleph) 009220441
090 _a8803790
_c8803790
100 _a20100531d1931 |||y0rusy50 ca
101 0 _afre
102 _aRU
105 _ay ||||000|y
200 1 _aAndré Marty
_fMarcel Cordier
210 _aΜ.
_cVerl. ZK MOPR Sowjet Union
_d1931
215 _a16 с.
_d18 см
600 1 _aМарти
_bА.
_f1886-1956
_gАндре
_2nlr_sh1
686 _aФ61(4Фр)8
_2rubbk
700 1 _aCordier
_bM.
_f1945-
_gMarcel
_4070
702 1 _aMarty
_bA.
_f1886-1956
_gAndré
_4570
801 1 _aRU
_bNLR
_c20100531
801 0 _aRU
_bNLR
_gPSBO
852 _aNLR
_jЕ-8/503
852 _aNLR
_jЕ-8/504
942 _cBOOK
980 _aNB